নূতন উর্দু গল্প : (Record no. 48549)
[ view plain ]
| 000 -LEADER | |
|---|---|
| fixed length control field | 01017nam a2200241 a 4500 |
| 001 - CONTROL NUMBER | |
| control field | 48549 |
| 003 - CONTROL NUMBER IDENTIFIER | |
| rucl marc code | BD-RjUL |
| 005 - DATE AND TIME OF LATEST TRANSACTION | |
| control field | 20211209054537.0 |
| 008 - FIXED-LENGTH DATA ELEMENTS--GENERAL INFORMATION | |
| fixed length control field | 160814s1965 bg ||||| |||| 00| 0 ben d |
| 020 ## - INTERNATIONAL STANDARD BOOK NUMBER | |
| Terms of availability | : Tk.2.00 |
| 035 ## - SYSTEM CONTROL NUMBER | |
| System control number | (BD-RjUL)48668 |
| 040 ## - CATALOGING SOURCE | |
| Original cataloging agency | BD-RjUL |
| Language of cataloging | ben |
| Transcribing agency | BD-RjUL |
| Modifying agency | BD-RjUL |
| 041 ## - LANGUAGE CODE | |
| Language code of text/sound track or separate title | ben |
| 082 ## - DEWEY DECIMAL CLASSIFICATION NUMBER | |
| Edition number | 23 |
| Classification number | 891.439308 |
| Author mark and year | NUT 1965 |
| 110 ## - MAIN ENTRY--CORPORATE NAME | |
| Corporate name or jurisdiction name as entry element | পাকিস্তান পাবলিকেশান্স্ |
| 9 (RLIN) | 146720 |
| 245 10 - TITLE STATEMENT | |
| Title | নূতন উর্দু গল্প : |
| Remainder of title | (আধুনিক উর্দু গল্পের সংকলন) / |
| Statement of responsibility, etc. | পাকিস্তান পাবলিকেশান্স্ |
| 246 ## - VARYING FORM OF TITLE | |
| Remainder of title | ২য় সং. |
| 260 ## - PUBLICATION, DISTRIBUTION, ETC. (IMPRINT) | |
| Place of publication, distribution, etc. | ঢাকা : |
| Name of publisher, distributor, etc. | পাকিস্তান পাবলিকেশান্স্, |
| Date of publication, distribution, etc. | ১৯৬৫ |
| 300 ## - PHYSICAL DESCRIPTION | |
| Pagination | ৯৬ পৃ. ; |
| Size | ২৪ সেমি. |
| 650 ## - SUBJECT ADDED ENTRY--TOPICAL TERM | |
| Topical term or geographic name as entry element | উর্দু উপন্যাস |
| 9 (RLIN) | 144016 |
| Form subdivision | সংগ্রহ |
| Topical term or geographic name as entry element | Urdu Fictions |
| 9 (RLIN) | 144017 |
| Form subdivision | Collections |
| 942 ## - ADDED ENTRY ELEMENTS (KOHA) | |
| Source of classification or shelving scheme | Dewey Decimal Classification |
| Koha item type | Books |
| Lost status | Source of classification or shelving scheme | Damaged status | Not for loan | Collection code | Permanent Location | Current Location | Shelving location | Date acquired | Source of acquisition | Cost, normal purchase price | Total Checkouts | Full call number | Date last seen | Copy number | Koha item type |
|---|---|---|---|---|---|---|---|---|---|---|---|---|---|---|---|
| Dewey Decimal Classification | Fiction | Central Library, University of Rajshahi | Central Library, University of Rajshahi | 21/01/1967 | Nowrose kitabitan, Dhaka. | 2.00 | B 891.439308 NUT 1965 | 14/08/2016 | C-2 | Books | |||||
| Dewey Decimal Classification | Fiction | Central Library, University of Rajshahi | Central Library, University of Rajshahi | 21/01/1967 | Nowrose kitabitan, Dhaka. | 2.00 | B 891.439308 NUT 1965 | 14/08/2016 | C-3 | Books | |||||
| Dewey Decimal Classification | Fiction | Central Library, University of Rajshahi | Central Library, University of Rajshahi | 21/01/1967 | Porishad | 2.00 | B 891.439308 NUT 1965 | 20/11/2016 | C-4 | Books | |||||
| Dewey Decimal Classification | Not For Loan | Non-fiction | Central Library, University of Rajshahi | Central Library, University of Rajshahi | Reading Room | 21/01/1967 | Nowrose, Dhaka | 2.00 | B 891.439308 NUT 1965 | 08/03/2018 | C-1 | Books |